000
00322nam a22001337a 4500
008
240409b |||||||| |||| 00| 0 eng d
020
_a
9781444951387
082
_a
813.54
100
_a
Oseman, Alice.
245
_a
Hearts Topper:
_b
Boy Meets Boy
300
_a
263 p.;
_b
ill,
_c
23.4 Cm.
942
_2
ddc
999
_c
9871
_d
9872